| 000 | 00738nam a22001815i 4500 | ||
|---|---|---|---|
| 001 | 162376 | ||
| 003 | ES-MaACL | ||
| 005 | 20230906212517.0 | ||
| 008 | 041108s1869 fr |||| | fre d | ||
| 080 | _a336.3(460)"18" | ||
| 100 | 1 |
_aPolak, Felix. _9131240 |
|
| 245 | 1 | 4 |
_aLes fonds espagnols et leur valeur intrinsèque y compris l'emprunt 3% de 1000.000.000 de réaux contracté par le Gouvernement provisoire en avril 1869, avec la sanction des Cortes / _cpar Félix Polak. |
| 260 |
_a[Le Haye : _bs.n., _c1869?] |
||
| 300 |
_a31 p. ; _c23 cm. |
||
| 650 | 4 |
_aDeuda pública- _zEspaña. _9135920 |
|
| 852 | 4 |
_aES-MaACL _jT-104-F-1 _z- Enc. hol., falto de cub. original _z- Enc. en un vol. facticio |
|
| 852 | 4 |
_aES-MaACL _jT-143-F-1 |
|
| 999 |
_c162376 _d162376 |
||